000 00359nam a2200169Ia 4500
003 0STCL
008 150530s9999 xx 000 0 und d
040 _aSTCL
_cSTCL
100 _aMilne, A.A.
245 _aNot that it matters
250 _aFifth
260 _c1924
546 _aEnglish
942 _2ddc
_cBK
999 _c61090
_d61090
005 20220125171146.0